| 000 | 00526nam a22001697a 4500 | ||
|---|---|---|---|
| 005 | 20250917133840.0 | ||
| 008 | 250917b |||||||| |||| 00| 0 eng d | ||
| 020 | _a978-93-6385-727-8 | ||
| 041 | _aeng | ||
| 100 |
_aSHARMA, DR Y. S _98699 |
||
| 245 | _aTHE LAW OF PLEADINGS, DRAFTING AND CONVEYANCING : Including the pre - trial preparation , participation in trial proceedings and moot court | ||
| 250 | _a6th ed. 2025 | ||
| 260 |
_aJAIPUR _bUNIVERSITY BOOK HOUS P LTD |
||
| 300 | _a582;P | ||
| 650 | _aLAW | ||
| 942 | _cBK | ||
| 999 |
_c8834 _d8832 |
||